| Поле | Инд. | ПП | Название | Значение |
|---|---|---|---|---|
| Тип записи | a | |||
| Библиографический уровень | m | |||
| 001 | Контрольный номер | a41b6029ed87459cbe4f57a0ee555f37 | ||
| 005 | Дата корректировки | 20231113124459.4 | ||
| 020 | c | Цена, тираж | 150-00 | |
| 022 | 0_ | a | ISSN | 2618-7701 |
| 084 | a | Индекс другой классификации/Индекс ББК | 72 | |
| 090 | a | Полочн. индекс | 72 | |
| c | Каталожный индекс | 72 | ||
| x | Авторский знак | К 90 | ||
| 097 | b | Оператор | Максимова | |
| 245 | 10 | a | Заглавие | Культура. Наука. Производство |
| b | Продолж. заглавия | научно-практический журнал | ||
| c | Ответственность | главный редактор В. Ю. Стеклянников | ||
| n | Номер части/ раздела | № 9 | ||
| 260 | a | Место издания | Норильск | |
| b | Издательство | ЗГУ | ||
| c | Дата издания | 2022 | ||
| 300 | a | Объем | 130 с. | |
| 653 | 0_ | a | Ключевые слова | Арктические регионы здоровье населения в условиях пандемии; Север здоровье населения; Ямало-Ненецкий автономный округ демография; Арктический регион физическое воспитание школьников; полярная ночь эмоциональные состояния подростков; полярный день эмоциональные состояния подростков; Крайний Север безопасность среднего и малого бизнеса; малое и среднее предпринимательство финансовая поддержка; Арктическая зона миграционные процессы; Таймыр социализация детей коренных народов Севера; Арктика экология религии; "Норильский никель" выбросы парниковых газов; коренные малочисленные народы Севера нематериальная культура; Норильск топонимика |
| 900 | a | Имя макрообъекта | 1543501 | |
| 901 | t | Тип документа | s |